00646nam a2200181 a 450000500170000000800410001702000350005802000180009304000510011104100080016224500410017025000110021126000510022230000440027365000480031765000630036565000360042820151026173032.0151026s2012 xxuo fr 000 0 eng d a9780071766586 (set libro y CD) a9780071766555 aCO-BoUCMbspa cSandra PalaciodSandra Palacio0 aeng04aThe official guide to the TOEFL test a4th ed aNueva York (Estados Unidos)bMcGraw-Hillc2012 a653 páginas bfotografíase1 CD-ROM 7aInglésx Libros de texto para extranjeros 7aInglésv Exámenes, preguntas, etcv Guías de estudio 7aTest Toeflv Guías de estudio